000 00703nam a2200217Ia 4500
003 GCL
008 140319s9999 xx 000 0 ara d
040 _aGCL /
_cGCL
082 0 4 _a250.92
_bع ا
100 1 _aعبدالحليم الجندى
245 1 0 _aالامام الشافعى : ناصر السنة واضع الاصول /
_cعبدالحليم الجندى
300 _a335 ص
490 _a
650 0 4 _aالتاريخ الاسلامى
650 0 4 _aالفقه الشافعى
650 0 4 _aالاسلام - تراجم
650 0 4 _aالمذاهب الدينية
650 0 4 _aالرجال - تراجم
650 0 4 _aالشافعى , ابوعبدالله محمد
942 _2ddc
_cBK
999 _c40536
_d40536